000 00290 a2200121 4500
000 nam a22 7a 4500
005 20260130122410.0
020 _a9781835357361
100 _aFletcher Patrick
_91112939
245 _aPsychology and Crime
260 _bEdtech Press
_c2026
942 _cTEXL
999 _c1678418
_d1678418